Στοιχεία συλλογικού εργατικού δικαίου
Αποθηκεύτηκε σε:
| Κύριος συγγραφέας: | |
|---|---|
| Μορφή: | Βιβλίο |
| Γλώσσα: | Greek |
| Δημοσίευση: |
Αθήνα : Κομοτηνή :
Σάκκουλας,
2003
|
| Θέματα: | |
| Ετικέτες: |
Προσθήκη ετικέτας
Δεν υπάρχουν, Καταχωρήστε ετικέτα πρώτοι!
|
MARC
| LEADER | 00000nam a2200000 i 4500 | ||
|---|---|---|---|
| 001 | 1/75473 | ||
| 008 | 050415s2003 gre d | ||
| 020 | |a 960-15-1031-1 | ||
| 035 | |l 10077713 | ||
| 040 | |a GR-MY-UA |b gre |e aacr | ||
| 041 | 0 | |a gre | |
| 082 | 0 | |a 344.0188 |2 (21) | |
| 100 | 1 | |a Γιαλιτάκη, Αικατερίνη Γ. | |
| 245 | 1 | 0 | |a Στοιχεία συλλογικού εργατικού δικαίου / |c Αικατερίνη Γ. Γιαλιτάκη |
| 260 | |a Αθήνα : |a Κομοτηνή : |b Σάκκουλας, |c 2003 | ||
| 300 | |a 218 σ.; |c 24 εκ. | ||
| 504 | |a Περιλαμβάνει βιβλιογραφία | ||
| 650 | 0 | 0 | |a Labor unions |x Law and legistation |x Textbooks |z Greece. |
| 650 | 0 | 0 | |a Collective labor agreements |z Greece. |
| 650 | 0 | 0 | |a Labor unions |x Law and legislation |z Europe |x Textbooks. |
| 650 | 0 | 0 | |a Collective labor agreements |z Europe |x Textbooks. |
| 852 | |a INST |b CHIOS |e 20050415 |h 344.0188 ΓΙΑ |p 005200024973 |q 005200024973 |t BK |y 0 | ||
| 852 | |a INST |b CHIOS |e 20050418 |h 344.0188 ΓΙΑ |p 005200024974 |q 005200024974 |t BK |y 0 | ||
| 852 | |a INST |b CHIOS |e 20050415 |h 344.0188 ΓΙΑ |p 005200024975 |q 005200024975 |t BK |y 0 | ||
| 852 | |a INST |b CHIOS |e 20050415 |h 344.0188 ΓΙΑ |p 005200024976 |q 005200024976 |t BK |y 0 | ||
| 901 | |a BIBL2-2005-1 | ||
| 909 | |a Χ |b 119379 | ||
| 909 | |a Χ |b 119373 | ||
| 909 | |a Χ |b 119377 | ||
| 909 | |a Χ |b 119378 | ||
| 920 | |a ΜΕΤΑΠΤΥΧΙΑΚΟ ΔΙΠΛΩΜΑ ΣΤΗ ΔΙΟΙΚΗΣΗ ΕΠΙΧΕΙΡΗΣΕΩΝ |y ΧΙΟΣ |z 2005-04 | ||
| 970 | |a ΧΑΖΙΡΗ |b ΑΝΝΑ |z 2005/04/15 | ||